000 00513nam a22001337a 4500
008 241015b |||||||| |||| 00| 0 eng d
020 _a9788192464787
050 _aREF BS491.3
_b.S67
245 _aSoth Asia Bible Commentary/ by
_cGeneral editor Brian Wintle & Theological editorsJacob Cherian, Finny Philip, Havilah Dharamraj, Jesudason Baskar Jeyaraj, Paul Swarup
260 _aRajasthan, India
_bOpen Door Pvt, Ltd
_c2015
300 _axv, 1806p.
650 _2Bible
_vCommentaries
_zSoth Asia
942 _2lcc
_cREF
999 _c20530
_d20529